Представление документа в формате RUSMARC

ПолеНазваниеЗначение
  Тип записи a
  Библиографический уровень m
001 Контрольный номер RU/CBS_UL/BASE/1c42fc36929a49338b826291c51ff0b0
005 Дата корректировки 20250722093541.3
010 Индекс ISBN __
d Цена 1 387 р. 10 к.
9 Тираж 2 000 экз.
a ISBN 978-5-04-189814-4
b Уточнения в пер.
100 Данные общей обработки __
a Данные общей обработки 20210428d2021 ||| 0rusy0189 ca
101 Язык документа 0_
a Язык текста rus
102 Страна публикации __
a Страна публикации RU
181 Поле кодированных данных: вид содержания _1
i e
182 Поле кодированных данных: тип средства _1
a Код типа средства (ISBD) n
200 Заглавие и сведения об ответственности 1_
a Заглавие Большая книга цветных карандашей
f Первые сведения об ответственности А. Ю. Небренчина
e Сведения, относящиеся к заглавию полное руководство по работе с нуля
210 Выходные данные 1_
a Место издания Москва
c Издательство ЭКСМО
c Издательство БОМБОРА
d Дата издания 2025
215 Физическое описание __
a Объем 152, [5] с.
c Иллюстрации/тип воспроизводства ил.
d Формат 26,5 см.
225 Серия 2_
a Серия Подарочные издания. Техники рисунка и живописи
300 Общие примечания __
a Общие примечания 12+
606 Тематические рубрики 0_
a Основная рубрика Живопись - Обучение
610 Ключевые слова 0_
a Ключевые слова рисование
a Ключевые слова техника рисования
a Ключевые слова советы по рисованию
a Ключевые слова уроки рисования
a Ключевые слова самоучители по рисованию
610 Ключевые слова 0_
a Ключевые слова рисунок карандашный
610 Ключевые слова 0_
a Ключевые слова карандаши
686 Индексы других классификаций __
a Классификационный индекс 85.14
2 Код системы rubbk
700 Автор _1
a Фамилия Небренчина
b Имя (инициалы) А. Ю.
g Полное личное имя Ангелина Юрьевна
801 Источник записи _0
a Страна RU
b Организация МБУК ЦБС
c Дата составления 20210428
g Правила каталогизации RCR
801 Источник записи _1
a Страна RU
b Организация МБУК ЦБС г. Ульяновска
c Дата составления 20210428
g Правила каталогизации RCR
899 Данные о местонахождении __
i Авторский знак Н 39
j Расстановочный фильтр 85.14
900 Электронные ресурсы __
a Имя электронного ресурса Небренчина, Ангелина Юрьевна. Большая книга цветных карандашей
901 Тип документа __
t Тип документа m